000 00502nam a2200157 a 4500
001 000030964
005 20200930062622.0
008 110608s1941 dr c 000 p spa d
040 _aDO-SdBNP
_bspa
_cBNPHU
082 _axxx
_bJ82h
100 1 _aJorge Rivas, R. A.
_957475
245 1 0 _aHorizontes :
_bpoesías /
_cR. A. Jorge Rivas.
260 _aSantiago de los caballeros, República Dominicana :
_bTaller Tipográfico de Muchas Gracias,
_c1941.
300 _a58 p. :
_bretr. ;
_c21 cm.
049 _aBNPD
999 _c30456
_d30456